000 01067nam a2200337 c 4500
003 BLK
005 20180420220948.0
008 180408b bul|||||r ||||||| ||bul||
010 _aKNG00040168000
020 _a0-19-437099-2
_bиздат.: Oxford Univ. Press
040 _aBLK
041 _aENG
_cENG
080 _aАнглийски език
_b811.111
_x(072)
_z811.111(072)
100 1 _aSheerin, Susan
_eпърви автор
_924300
139 _aSheerin, Susan
_bS 53
245 1 0 _aSelf-access
_cSusan Sheerin.
250 _a2. ed
257 _aGBR
260 Oxford
_bOxford Univ. Press
_c1990
300 _a200 c.
_bc ил.
_c24 cm
380 _a80
490 1 _aResource Books for Teachers
650 4 _aАнглийски език - методика на преподаването
_9241629
653 _aанглийски език
653 _aметодика на преподаването
852 _aЦб 168280
856 4 _qpdf
_u
856 4 _qpdf
_u
942 _cKNG
_n0
944 _aCR
_c15.01.2003
_kТеодора_Стоянова
944 _aED
_c09.06.2005
_k
999 _c37046
_d37046